000
00309nam a2200121Ia 4500
008
190216s9999||||xx |||||||||||||| ||und||
100
_a
Anthony Thwaite
245
0
_a
Contemporary English Poetry
260
_b
Heinemann Educational Books Ltd
_c
1964
300
_a
175p
650
_a
English Poetry
942
_c
BK
999
_c
12105
_d
12105